Statistics for All British UEFA Champions League Finalists

Click here to take the quiz!

General Stats

  • This quiz has been taken 115 times
  • The average score is 15 of 15

Answer Stats

YearFinalistScore% Correct
2005 (p)Liverpool*3–3
100%
2021Chelsea1–0
98%
2018Liverpool
98%
2019Liverpool2–0
98%
2022Liverpool
98%
2021Manchester City
98%
1999Manchester United2–1
98%
2008 (p)Manchester United*1–1
98%
2019Tottenham Hotspur
98%
2008Chelsea
97%
2007Liverpool
97%
2009Manchester United
97%
2011Manchester United
97%
2006Arsenal
96%
2012 (p)Chelsea*1–1
96%

Score Distribution

Percentile by Number Answered

Percent of People with Each Score

Your Score History

You have not taken this quiz